<?xml version="1.0" encoding="UTF-8"?>
<collection xmlns="http://www.loc.gov/MARC21/slim">
 <record>
  <leader>01735nam a22002417a 4500</leader>
  <controlfield tag="001">NCT_71181</controlfield>
  <controlfield tag="008">190927b        xxu||||| |||| 00| 0 vie d</controlfield>
  <datafield tag="999" ind1=" " ind2=" ">
   <subfield code="c">3464</subfield>
   <subfield code="d">3464</subfield>
  </datafield>
  <datafield tag="020" ind1=" " ind2=" ">
   <subfield code="c">30000</subfield>
  </datafield>
  <datafield tag="082" ind1="0" ind2="4">
   <subfield code="2">23rd ed.</subfield>
   <subfield code="a">306.8</subfield>
   <subfield code="b">Tr312</subfield>
  </datafield>
  <datafield tag="245" ind1="1" ind2="0">
   <subfield code="a">Đối thoại với con :</subfield>
   <subfield code="b">Lớn lên từ đổ vỡ</subfield>
   <subfield code="c">Liêm Trinh (biên soạn)</subfield>
  </datafield>
  <datafield tag="260" ind1=" " ind2=" ">
   <subfield code="a">H.</subfield>
   <subfield code="b">Phụ nữ</subfield>
   <subfield code="c">2007</subfield>
  </datafield>
  <datafield tag="300" ind1=" " ind2=" ">
   <subfield code="a">277 tr.</subfield>
   <subfield code="c">21cm</subfield>
  </datafield>
  <datafield tag="520" ind1="3" ind2=" ">
   <subfield code="a">Cuốn sách này giải thích lý do tại sao, giúp bạn hiểu được điều gì đã xảy ra khi cha mẹ bạn ly hôn và ảnh hưởng đến tâm lý của bạn như thế nào. Nó cũng giúp bạn nhận ra bạn đang sống trong môi trường gia đình nào, hiểu biết hơn về hoàn cảnh và hướng dẫn bạn làm sao cải thiện tốt hơn. </subfield>
  </datafield>
  <datafield tag="653" ind1=" " ind2=" ">
   <subfield code="a">Sách tham khảo</subfield>
  </datafield>
  <datafield tag="700" ind1="0" ind2=" ">
   <subfield code="a">Liêm Trinh</subfield>
   <subfield code="e">Biên soạn</subfield>
  </datafield>
  <datafield tag="942" ind1=" " ind2=" ">
   <subfield code="2">ddc</subfield>
   <subfield code="c">BK</subfield>
  </datafield>
  <datafield tag="952" ind1=" " ind2=" ">
   <subfield code="0">0</subfield>
   <subfield code="1">0</subfield>
   <subfield code="2">ddc</subfield>
   <subfield code="4">0</subfield>
   <subfield code="6">306_800000000000000_TR312</subfield>
   <subfield code="7">0</subfield>
   <subfield code="9">18041</subfield>
   <subfield code="a">000001</subfield>
   <subfield code="b">000001</subfield>
   <subfield code="d">2019-09-27</subfield>
   <subfield code="o">306.8 Tr312</subfield>
   <subfield code="p">TK.01732</subfield>
   <subfield code="r">2019-09-27</subfield>
   <subfield code="w">2019-09-27</subfield>
   <subfield code="y">BK</subfield>
  </datafield>
  <datafield tag="952" ind1=" " ind2=" ">
   <subfield code="0">0</subfield>
   <subfield code="1">0</subfield>
   <subfield code="2">ddc</subfield>
   <subfield code="4">0</subfield>
   <subfield code="6">306_800000000000000_TR312</subfield>
   <subfield code="7">0</subfield>
   <subfield code="9">18042</subfield>
   <subfield code="a">000001</subfield>
   <subfield code="b">000001</subfield>
   <subfield code="d">2019-09-27</subfield>
   <subfield code="o">306.8 Tr312</subfield>
   <subfield code="p">TK.01733</subfield>
   <subfield code="r">2019-09-27</subfield>
   <subfield code="w">2019-09-27</subfield>
   <subfield code="y">BK</subfield>
  </datafield>
  <datafield tag="952" ind1=" " ind2=" ">
   <subfield code="0">0</subfield>
   <subfield code="1">0</subfield>
   <subfield code="2">ddc</subfield>
   <subfield code="4">0</subfield>
   <subfield code="6">306_800000000000000_TR312</subfield>
   <subfield code="7">0</subfield>
   <subfield code="9">18043</subfield>
   <subfield code="a">000001</subfield>
   <subfield code="b">000001</subfield>
   <subfield code="d">2019-09-27</subfield>
   <subfield code="o">306.8 Tr312</subfield>
   <subfield code="p">TK.01734</subfield>
   <subfield code="r">2019-09-27</subfield>
   <subfield code="w">2019-09-27</subfield>
   <subfield code="y">BK</subfield>
  </datafield>
  <datafield tag="952" ind1=" " ind2=" ">
   <subfield code="0">0</subfield>
   <subfield code="1">0</subfield>
   <subfield code="2">ddc</subfield>
   <subfield code="4">0</subfield>
   <subfield code="6">306_800000000000000_TR312</subfield>
   <subfield code="7">0</subfield>
   <subfield code="9">18044</subfield>
   <subfield code="a">000001</subfield>
   <subfield code="b">000001</subfield>
   <subfield code="d">2019-09-27</subfield>
   <subfield code="o">306.8 Tr312</subfield>
   <subfield code="p">TK.01735</subfield>
   <subfield code="r">2019-09-27</subfield>
   <subfield code="w">2019-09-27</subfield>
   <subfield code="y">BK</subfield>
  </datafield>
  <datafield tag="952" ind1=" " ind2=" ">
   <subfield code="0">0</subfield>
   <subfield code="1">0</subfield>
   <subfield code="2">ddc</subfield>
   <subfield code="4">0</subfield>
   <subfield code="6">306_800000000000000_TR312</subfield>
   <subfield code="7">0</subfield>
   <subfield code="9">18045</subfield>
   <subfield code="a">000001</subfield>
   <subfield code="b">000001</subfield>
   <subfield code="d">2019-09-27</subfield>
   <subfield code="o">306.8 Tr312</subfield>
   <subfield code="p">TK.01736</subfield>
   <subfield code="r">2019-09-27</subfield>
   <subfield code="w">2019-09-27</subfield>
   <subfield code="y">BK</subfield>
  </datafield>
  <datafield tag="980" ind1=" " ind2=" ">
   <subfield code="a">Thư viện Trường Đại học Nam Cần Thơ</subfield>
  </datafield>
 </record>
</collection>
